al-Muʾaththarāt al-ḥaḍārīyah al-ʻArabīyah al-Islāmīyah fī al-Gharb al-Ūrūbbī khilāla al-ʻuṣūr al-wusṭá /
Saved in:
| Main Author: | |
|---|---|
| Other Authors: | |
| Format: | Book |
| Language: | Arabic |
| Published: |
Dimashq :
Dār al-Mustaqbal,
[1997?]
|
| Subjects: | |
| Tags: |
Add Tag
No Tags, Be the first to tag this record!
|
| LEADER | 00739nam a2200205 a 4500 | ||
|---|---|---|---|
| 001 | 007742032-2 | ||
| 005 | 20020606104010.5 | ||
| 008 | 940527s1997 sy b 001|0 ara d | ||
| 035 | 0 | |a ocm38848179 | |
| 100 | 1 | |a Zaʻrūr, Ibrāhīm. | |
| 245 | 1 | 3 | |a al-Muʾaththarāt al-ḥaḍārīyah al-ʻArabīyah al-Islāmīyah fī al-Gharb al-Ūrūbbī khilāla al-ʻuṣūr al-wusṭá / |c taʾlīf Ibrāhīm Zaʻrūr, ʻAlī Aḥmad. |
| 260 | |a Dimashq : |b Dār al-Mustaqbal, |c [1997?] | ||
| 300 | |a 115 p. ; |c 24 cm. | ||
| 504 | |a Includes bibliographical references and index. | ||
| 650 | 0 | |a Civilization, Western |x Islamic influences. | |
| 650 | 0 | |a East and West. | |
| 700 | 1 | |a Aḥmad, ʻAlī. | |
| 752 | |a Syria |d Damascus. | ||
| 988 | |a 20020608 | ||
| 906 | |0 MH | ||


